Blueberries/ (Record no. 181899)

000 -LEADER
fixed length control field 00397nam a2200169 4500
020 ## - INTERNATIONAL STANDARD BOOK NUMBER
ISBN 9789359625065
082 ## - DEWEY DECIMAL CLASSIFICATION NUMBER
Classification number M3
Item number JIS/B
100 ## - MAIN ENTRY--AUTHOR NAME
Personal name Jisa Jose
245 ## - TITLE STATEMENT
Title Blueberries/
Statement of responsibility, etc by Jisa Jose
250 ## - EDITION STATEMENT
Edition statement 4th ed.
260 ## - PUBLICATION, DISTRIBUTION, ETC. (IMPRINT)
Place of publication Kozhikode:
Name of publisher Mathrubhumi books,
Year of publication 2025.
300 ## - PHYSICAL DESCRIPTION
Number of Pages 208p.
650 ## - SUBJECT ADDED ENTRY--TOPICAL TERM
Topical Term Novel Malayalam
650 ## - SUBJECT ADDED ENTRY--TOPICAL TERM
Topical Term Literature Malayalam
650 ## - SUBJECT ADDED ENTRY--TOPICAL TERM
Topical Term Literature
942 ## - ADDED ENTRY ELEMENTS (KOHA)
Koha item type Book
Holdings
Withdrawn status Lost status Damaged status Not for loan Permanent Location Current Location Shelving location Date acquired Cost, normal purchase price Full call number Accession Number Price effective from Koha item type
        Sree Sankaracharya University of Sanskrit Sree Sankaracharya University of Sanskrit Stacks 01.06.2026 250.00 M3 JIS/B 108950 01.06.2026 Book